Cà phê cùng Tony

Đã lưu trong:
書目詳細資料
企業作者: Tony buổi sáng
格式: 圖書
語言:Undetermined
出版: Hà Nội Văn hóa Thông tin 2015
主題:
標簽: 添加標簽
沒有標簽, 成為第一個標記此記錄!
Thư viện lưu trữ: Trung tâm Học liệu Trường Đại học Cần Thơ
LEADER 00602nam a2200205Ia 4500
001 CTU_196506
008 210402s9999 xx 000 0 und d
020 |c 72000 
082 |a 895.922301 
082 |b T667 
110 |a Tony buổi sáng 
245 0 |a Cà phê cùng Tony 
245 0 |c Tony buổi sáng 
260 |a Hà Nội 
260 |b Văn hóa Thông tin 
260 |c 2015 
650 |a Short stories, vietnamese,Truyện ngắn, Việt Nam 
650 |x Collections,Sưu tập 
904 |i Tuyến 
980 |a Trung tâm Học liệu Trường Đại học Cần Thơ